000 03041nam a2200301 i 4500
003 CSPC
005 20260421135219.0
008 260421s2022 ii b 001 0 eng d
020 _a9789390780747
040 _aCSPC
_beng
_cCSPC
_erda
050 0 0 _aHG173
_b.I878 2022
082 0 0 _222
_a339.52
_bIs75
245 0 0 _aIssues in finance :
_bcredit, crises and policies /
_cedited by Anoop Pant.
264 1 _aNew Delhi, India :
_bRandom Publications LLP,
_c2022.
300 _aviii, 272 pages ;
_c24 cm.
336 _2rdacontent
_atext
337 _2rdamedia
_aunmediated
338 _2rdacarrier
_avolume
504 _aIncludes bibliographical references and index.
505 0 _aFinancial management -- Monetary and credit development -- Financial products from market indexes -- Financial markets -- Instruments of credit risk management -- Assigning regulatory credit classifications -- Mitigating credit risk -- Trade credit -- Financing enterprises -- Source of finance -- Finance: accounting for decisions -- Currency risks -- Financial instruments -- Fiscal policy -- Ethical issues in financial management -- RBI credit policy.
520 _a"As watchdogs of public finances, the public auditors act as critical links in enforcing the accountability of executive agencies to national and state legislatures and through them to the general public. The public sector auditor reviews financial management of public sector entities to ensure that transactions have been undertaken with due regard to propriety and regularity. Recently, several pubic auditors have also assumed responsibility for assessing value for money considerations in public projects and programs in recent years. Finance is the science of funds management. The general areas of finance are business finance, personal finance, and public finance. Finance includes saving money and often includes lending money. The field of finance deals with the concepts of time, money, risk and how they are interrelated. It also deals with how money is spent and budgeted. One facet of finance is through individuals and business organizations, which deposit money in a bank. The bank then lends the money out to other individuals or corporations for consumption or investment and charges interest on the loans. Credit does not necessarily require money. The credit concept can be applied in barter economies as well, based on the direct exchange of goods and services. However, in modern societies credit is usually denominated by a unit of account. Unlike money, credit itself cannot act as unit of account. The book is useful to the students of commerce, economics and management. Policy makers in banking and financial sector will also enlarge their knowledge"-- Back cover.
650 0 _aFinance.
650 0 _aEconomic policy.
650 0 _aFinancial crises.
700 1 _aPant, Anoop,
_eeditor.
942 _2ddc
_n0
_cBK
_e22
_h339.52
_iIs75
_kCIR
_m2022
999 _c32347
_d32347